| 000 | 00606nam a22001817a 4500 | ||
|---|---|---|---|
| 005 | 20150107154111.0 | ||
| 010 | _aENG-111412 | ||
| 020 |
_a9789351433606 _c795.00 |
||
| 035 | _aEN-94944 | ||
| 037 | _bDBAD/PUB | ||
| 082 | _a000 | ||
| 245 |
_aAndhra Pradesh judicial services (preliminary) examination : _ba complete preparation manual |
||
| 260 |
_aGurgaon _bLexis Nexis _c2014 |
||
| 270 |
_a14th floor, building no.10, tower-b, DLF cyber city, phase-ii _bGurgaon _e122002 |
||
| 300 |
_avarious pagings _c26cm(pbk) |
||
| 490 | _aCATAPULT test prep series | ||
| 942 |
_2ddc _cEN _mAND _h000 |
||
| 999 |
_c90559 _d90559 |
||